00462nam a2200133 450000500170000000800410001710000630005824500740012125000160019526000600021130000290027194200150030099900130031520260227113418.0260227b |||||||| |||| 00| 0 eng d aBorradaile A. L Potts A. F, Eastham S. E. L, Saunders T. J aThe Invertebrata: A Manual for the use of studentsc/L. A. Borradaile a3th Edition aLondon;bThe syndics of the cambridge university;c1958 axvii, 795p. ill;c22.6cm 2lccn0cBK c184d184